Warhol's Soup Cans - Sudden Death - Statistics

General Stats
  • This quiz has been taken 9 times
  • The average score is 10 of 32
Answers on the Grid
Answers color-coded by a green-red scale on the quiz's grid according to % correct below.
Tomato
Vegetable
Green Pea
Clam Chowder
Beef
Cream of Asparagus
Cream of Celery
Beef Broth (Bouillon)
Chicken Gumbo
Pepper Pot
Chicken with Rice
Consommé (Beef)
Vegetable Beef
Chicken Noodle
Cream of Mushroom
Scotch Broth
Bean with Bacon
Vegetarian Vegetable
Black Bean
Beef Noodle
Cream of Chicken
Onion
Turkey Noodle
Minestrone
Chicken Vegetable
Cream of Vegetable
Old Fashioned Tomato Rice
Split Pea with Ham
Cheddar Cheese
Vegetable Bean
Chili Beef
Turkey Vegetable
Leek with Ham
Cream of Tomato
Oxtail
Mulligatawny
Vegetarian Chicken with Noodles
Butter Chicken
Cream Cheese with Chive
Prawn Noodle
Vegetable Lamb
Spicy Chili Chicken
Cream of Carrot
Lentil
Cream of Cauliflower
Broccoli and Cheese
Potato with Leek
Cream of Cucumber
 
Answer Stats
Answer % Correct
Tomato
83%
Beef
50%
Chicken with Rice
50%
Cream of Chicken
50%
Green Pea
50%
Vegetable
50%
Vegetable Beef
50%
Beef Broth (Bouillon)
33%
Beef Noodle
33%
Black Bean
33%
Chicken Gumbo
33%
Chicken Noodle
33%
Chicken Vegetable
33%
Clam Chowder
33%
Cream of Asparagus
33%
Minestrone
33%
Onion
33%
Split Pea with Ham
33%
Bean with Bacon
17%
Cheddar Cheese
17%
Chili Beef
17%
Consommé (Beef)
17%
Cream of Celery
17%
Cream of Mushroom
17%
Cream of Vegetable
17%
Old Fashioned Tomato Rice
17%
Pepper Pot
17%
Scotch Broth
17%
Turkey Noodle
17%
Turkey Vegetable
17%
Vegetable Bean
0%
Vegetarian Vegetable
0%
No matching quizzes found
Score Distribution
Percent of People with Each Score
Percentile by Number Answered
Your Score History
You have not taken this quiz